Los Organismos de financiamiento multinacionales / Jorge Marshall
sin resumen
Salvato in:
| Autore principale: | |
|---|---|
| Altri autori: | , , |
| Natura: | testo |
| Lingua: | Spanish |
| Soggetti: | |
| Tags: |
Aggiungi Tag
Nessun Tag, puoi essere il primo ad aggiungerne!!
|
MARC
| LEADER | 00000 a a2200000 04500 | ||
|---|---|---|---|
| 001 | 1411 | ||
| 003 | cru CIDCACS/IIS | ||
| 005 | 20201104153850.0 | ||
| 008 | 201104b ||||| |||| 00| 0 spa d | ||
| 999 | |c 1370 |d 1370 | ||
| 040 | |c CRAI/IIS | ||
| 100 | 1 | |a Marshall, Jorge |9 9704 | |
| 245 | 1 | 4 | |a Los Organismos de financiamiento multinacionales / |b Jorge Marshall |
| 300 | |a páginas 71-99 | ||
| 520 | |a sin resumen | ||
| 650 | |a AYUDA FINANCIERA | ||
| 650 | |a BID | ||
| 650 | |a BANCO MUNDIAL | ||
| 650 | |a PAISES DEUDORES | ||
| 650 | |a PRESTAMOS | ||
| 700 | |a Durán, Esperanza | ||
| 700 | |a Pollock, David | ||
| 700 | |a Lavergne, Reál P. | ||
| 773 | 0 | |0 43477 |9 5003 |a Marshall, Jorge |d Buenos Aires : Grupo Editor Latinoamericano, 1989 |o MFN: 1409 |t Colección Estudios Internacionales / | |
| 942 | |2 ddc |c LI | ||
